Warrior cats medicine cats - Statistics

General Stats
  • This quiz has been taken 69 times
    59 since last reset
  • The average score is 21 of 67
Answer Stats
% Correct
Cinderpelt
88%
Leafpool
88%
Spottedleaf
88%
Yellowfang
88%
Jayfeather
83%
Mothwing
79%
Alderheart
71%
Runningnose
71%
Littlecloud
67%
Moth flight
67%
Frostdawn
58%
Goosefeather
58%
Featherwhisker
54%
Kestrelflight
54%
Puddleshine
54%
Frecklewish
50%
Echosong
46%
Mudfur
46%
Sagewhisker
46%
Shadowsight
46%
Whistlebreeze
46%
Brambleberry
42%
Micah
42%
Hawkheart
38%
Ravenwing
38%
Willowshine
38%
Barkface
33%
Cloudberry
33%
Flametail
33%
Acorn fur
25%
Fidgetflake
25%
Kestrelwing
25%
Thrushpelt
25%
Milkfur
21%
Pebble heart
21%
Cloud spots
17%
Goldenleaf
17%
LarkwingFq
17%
LarkwingMv
17%
Podlight
17%
Redscar
17%
Dappled pelt
13%
Fawnstep
13%
Flipclaw
13%
Graywing
13%
Icewhisker
13%
Brackenheart
8%
Chiveclaw
8%
Kinktail
8%
Meadowpelt
8%
Molepelt
8%
Mossheart
8%
Oatspeckle
8%
Pearnose
8%
Petunia
8%
Pinebrush
8%
Prickleface
8%
Quailfeather
8%
Redthistle
8%
Shineflower
8%
Shivering rose
8%
Stoneflower
8%
Swiftfoot
8%
Twigtail
8%
Echosnout
4%
Muddyclaw
4%
Sloefur
4%
No matching quizzes found
Score Distribution
Percent of People with Each Score
Percentile by Number Answered
Your Score History
You have not taken this quiz since the last reset